LEADER 01162nam a2200289 i 4500 001 000000253139 003 CaOOAMICUS 005 20170306000000.0 008 170306s2010 it u000 u ita u 013 $a232044 020 $a978-88-89210-52-9 040 $aSeMil$bita 100 1 $aQuarenghi, Giusi,$d<1951- >.$0(OLS)http://semarc/name/90981 245 10$aIo sono il cielo che nevica azzurro /$cGiusi Quarenghi. 250 $a2. Ed. 260 $aMilano :$bTopipittori,$c2010. 300 $a108 p., [1] c. di tav. :$britr. ;$c20 cm. 490 0 $aGli anni in tasca 650 4$aAutobiografie.$0(OLS)http://semarc/subject/2396 650 4$aLetteratura per ragazzi.$0(OLS)http://semarc/subject/20895 830 4$aGli anni in tasca.$0(OLS)http://semarc/title/402174 850 $aSeMil 852 $aSeMil$W1$xVenegono$y1$m1A IV 121$j203485$B203485$CSeMilBibl$Z2$F217971 $81 961 $aOmaggio: Perego don Stefano 996 $6020$a978-88-89210-52-9$9(OLS)http://semarc/number/275729 996 $6245$aIo sono il cielo che nevica azzurro$9(OLS)http://semarc/title/410391 996 $6260$aMilano :$bTopipittori$9(OLS)http://semarc/publisher/56226 LEADER 00858nam a2200217 i 4500 001 000000089683 003 CaOOAMICUS 005 20040324000000.0 008 040324s1944 it u000 u und u 013 $a61925 040 $aSeMil$bita 245 10$a[Parte quarta]. 300 $a38 c. di tav. color. ;$c25 cm. 500 $aPubblicazione senza front. Dati ripresi dalla coperta. 700 1 $aGnecchi Ruscone, Giuseppe.$0(OLS)http://semarc/name/5431 700 1 $aGallelli, Giovanni.$0(OLS)http://semarc/name/5430 700 1 $aMoltoni, Edgardo.$0(OLS)http://semarc/name/5429 773 0 $aMoltoni, Edgardo$tUccelli dell'Africa Orientale italiana.$dMilano : [s.n.], 1940-1944$w()11253 850 $aSeMil 852 $aSeMil$W1$xVenegono$y1$m3W VIII 77$j222237$B52741$CSeMilBibl$Z2$F57284 $81 996 $6245$a[Parte quarta]$9(OLS)http://semarc/title/135632